[Event "CYCC U12"]
[Site "Calgary CAN"]
[Date "2023.07.20"]
[Round "4.146"]
[White "Zhang, Walter"]
[Black "Yuan, Jaydon"]
[Result "0-1"]
[WhiteElo "952"]
[BlackElo "478"]
[PlyCount "108"]
[EventDate "2023.07.19"]
[EventType "swiss"]
[EventRounds "7"]
[EventCountry "CAN"]

1. Nf3 Nf6 2. d4 e6 3. Bf4 d6 4. c3 Nbd7 5. e3 b6 6. Nbd2 h6 7. Bb5 Bb7 8. Qc2
Nh5 9. Bg3 Nxg3 10. hxg3 a6 11. Ba4 b5 12. Bb3 Be7 13. e4 O-O 14. O-O-O c5 15.
a3 a5 16. Ba2 Nb6 17. dxc5 dxc5 18. g4 Qc7 19. Bb1 e5 20. g5 Bxg5 21. Nxg5 hxg5
22. g3 Rfc8 23. Rh2 Qe7 24. Rdh1 f6 25. f4 b4 26. Rh8+ Kf7 27. Ba2+ c4 28. Rxc8
Rxc8 29. axb4 axb4 30. Qd3 b3 31. Nxc4 bxa2 32. Nd6+ Kg8 33. Nf5 a1=Q+ 34. Kd2
Qxb2+ 35. Ke3 Qc5+ 36. Kf3 Qcf2+ 37. Kg4 Qbe2+ 38. Qxe2 Qxe2+ 39. Kh3 Qh5+ 40.
Nh4 g4+ 41. Kg2 Rxc3 42. f5 Rc2+ 43. Kg1 Rc1+ 44. Kh2 Rxh1+ 45. Kxh1 Bxe4+ 46.
Kh2 Bxf5 47. Kg1 Qh6 48. Nxf5 Qc1+ 49. Kh2 Qc2+ 50. Kh1 Qxf5 51. Kh2 Nc4 52.
Kh1 Ne3 53. Kh2 Qf2+ 54. Kh1 Qg2# 0-1

[Event "CYCC U12"]
[Site "Calgary CAN"]
[Date "2023.07.20"]
[Round "4.110"]
[White "Moses, Neil"]
[Black "Mendes, Aaron Reeve"]
[Result "1-0"]
[WhiteElo "1985"]
[BlackElo "2305"]
[PlyCount "95"]
[EventDate "2023.07.19"]
[EventType "swiss"]
[EventRounds "7"]
[EventCountry "CAN"]

1. d4 d5 2. c4 c6 3. Nc3 Nf6 4. Nf3 e6 5. e3 Nbd7 6. Be2 dxc4 7. Bxc4 Bd6 8.
O-O O-O 9. e4 e5 10. Bg5 b5 11. Bb3 a6 12. Re1 h6 13. Bh4 g5 14. Bg3 Qc7 15.
Rc1 Qb8 16. Qd2 Nh5 17. Nd1 c5 18. dxc5 Nxc5 19. Bd5 Ra7 20. b4 Ne6 21. Ne3
Nxg3 22. hxg3 Nc7 23. Bxf7+ Rxf7 24. Qxd6 Be6 25. Rxc7 Qxc7 26. Qxe6 Qe7 27.
Qg6+ Rg7 28. Qxh6 Rh7 29. Qxg5+ Qxg5 30. Nxg5 Rh5 31. Nf3 a5 32. g4 Rh6 33. Nf5
Rb6 34. bxa5 Rxa5 35. Nxe5 Rxa2 36. Rd1 b4 37. Rd8+ Kh7 38. Rd7+ Kg8 39. Rg7+
Kf8 40. Nd7+ Ke8 41. Nxb6 b3 42. Re7+ Kd8 43. Rd7+ Ke8 44. Nd6+ Kf8 45. Rf7+
Kg8 46. Nd7 b2 47. Nf6+ Kh8 48. Rh7# 1-0

[Event "CYCC U12"]
[Site "Calgary CAN"]
[Date "2023.07.20"]
[Round "4.111"]
[White "Liu, Zachary"]
[Black "Deshpande, Sarthak"]
[Result "1/2-1/2"]
[WhiteElo "2071"]
[BlackElo "1719"]
[PlyCount "42"]
[EventDate "2023.07.19"]
[EventType "swiss"]
[EventRounds "7"]
[EventCountry "CAN"]

1. e4 c6 2. d4 d5 3. exd5 cxd5 4. Bd3 Nc6 5. c3 Nf6 6. h3 g6 7. Qc2 Bg7 8. Nf3
Qc7 9. O-O O-O 10. Re1 Nh5 11. Qe2 Nf4 12. Bxf4 Qxf4 13. Na3 Bf5 14. Nc2 Bxd3
15. Qxd3 Rfe8 16. Ne3 Qd6 17. Qb5 Red8 18. a4 a6 19. Qd3 Rab8 20. a5 h5 21. g3
Qc7 1/2-1/2

[Event "CYCC U12"]
[Site "Calgary CAN"]
[Date "2023.07.20"]
[Round "4.112"]
[White "Duanmu, Isaac"]
[Black "Zhong, Ryan Yunhui"]
[Result "0-1"]
[WhiteElo "1620"]
[BlackElo "2017"]
[PlyCount "76"]
[EventDate "2023.07.19"]
[EventType "swiss"]
[EventRounds "7"]
[EventCountry "CAN"]

1. d4 d5 2. c4 dxc4 3. Nf3 Nf6 4. e3 e6 5. Bxc4 a6 6. O-O b5 7. Bb3 Bb7 8. a4
b4 9. Re1 Nbd7 10. Nbd2 c5 11. Bc2 Qc7 12. e4 cxd4 13. Nxd4 Rc8 14. Bb1 Bd6 15.
N2f3 Ng4 16. h3 Nxf2 17. Qe2 Bg3 18. Bc2 b3 19. Bxb3 Nxe4 20. Rd1 Bf2+ 21. Qxf2
Nxf2 22. Kxf2 Nc5 23. Be3 Bxf3 24. gxf3 Qh2+ 25. Ke1 Nd3+ 26. Kf1 Nxb2 27. Rdc1
O-O 28. Re1 Nd3 29. Red1 Ne5 30. Ra2 Qxh3+ 31. Ke2 Rc3 32. Rg1 Rd8 33. Rd2 Rxb3
34. Nxb3 Qxf3+ 35. Ke1 Qxe3+ 36. Kd1 Qxb3+ 37. Ke2 Qf3+ 38. Ke1 Nd3+ 0-1

[Event "CYCC U12"]
[Site "Calgary CAN"]
[Date "2023.07.20"]
[Round "4.113"]
[White "Gao, Justin"]
[Black "Lee, Daniel"]
[Result "1-0"]
[WhiteElo "1853"]
[BlackElo "1166"]
[PlyCount "155"]
[EventDate "2023.07.19"]
[EventType "swiss"]
[EventRounds "7"]
[EventCountry "CAN"]

1. e4 e5 2. Nf3 Nc6 3. Bc4 Bc5 4. c3 Nf6 5. d4 exd4 6. e5 d5 7. Bb5 Ne4 8. cxd4
Bb6 9. Be3 Bg4 10. Nbd2 O-O 11. Bxc6 bxc6 12. Qc2 Nxd2 13. Nxd2 f6 14. exf6
Qxf6 15. Nb3 Rae8 16. O-O Bf5 17. Qd2 Qg6 18. Bf4 Re6 19. Rae1 Ref6 20. Re3 Bd3
21. Qxd3 Qxd3 22. Rxd3 Rxf4 23. f3 Re8 24. Kf2 Rf6 25. Rc1 Rfe6 26. Rd2 Kf7 27.
Rc3 Ke7 28. Rdc2 Kd7 29. Nc5+ Bxc5 30. Rxc5 Rb8 31. Ra5 Rb4 32. Rd2 Rb7 33. a3
Kc8 34. b4 Kb8 35. Rc5 Rb6 36. Rc3 Ra6 37. Re2 Rxe2+ 38. Kxe2 Kb7 39. Kd2 Kb6
40. Kc2 Kb7 41. Kb3 Rb6 42. Rc5 Rb5 43. Rxb5+ cxb5 44. f4 Kc6 45. a4 a6 46. a5
Kd6 47. Kc3 Ke6 48. g4 Kf6 49. Kd3 g6 50. Ke3 h5 51. Kf3 hxg4+ 52. Kxg4 Kf7 53.
f5 Kf6 54. fxg6 Kxg6 55. Kf4 Kf6 56. h4 Ke6 57. h5 Kf6 58. h6 Kg6 59. Ke5 c6
60. Kd6 Kxh6 61. Kxc6 Kg6 62. Kxd5 Kf6 63. Kc6 Ke6 64. d5+ Ke7 65. Kc7 Kf6 66.
d6 Ke5 67. d7 Kd4 68. d8=Q+ Kc4 69. Qh4+ Kb3 70. Kb6 Ka4 71. Kxa6 Kb3 72. Kxb5
Ka3 73. Qg3+ Kb2 74. Kc4 Ka2 75. Kc3 Ka3 76. Qg1 Ka4 77. Qf1 Ka3 78. Qa1# 1-0

[Event "CYCC U12"]
[Site "Calgary CAN"]
[Date "2023.07.20"]
[Round "4.114"]
[White "Mok, Erwin"]
[Black "Xue, Zachary"]
[Result "1-0"]
[WhiteElo "1694"]
[BlackElo "1522"]
[PlyCount "101"]
[EventDate "2023.07.19"]
[EventType "swiss"]
[EventRounds "7"]
[EventCountry "CAN"]

1. d4 d5 2. c4 e6 3. Nc3 Nf6 4. Bg5 c5 5. e3 cxd4 6. exd4 Bb4 7. Bxf6 Qxf6 8.
Nf3 O-O 9. Bd3 dxc4 10. Bxc4 Nc6 11. O-O Re8 12. Ne4 Qh6 13. Qb3 Bf8 14. d5
exd5 15. Bxd5 Be6 16. Neg5 Bxd5 17. Qxd5 Qf6 18. Qd3 g6 19. Qc4 Ne5 20. Nxe5
Rxe5 21. Nf3 Re6 22. b3 b6 23. Rad1 Rae8 24. Rd4 Bc5 25. Rf4 Qe7 26. h3 Re4 27.
Rxe4 Qxe4 28. Re1 Qc6 29. Rd1 Qf6 30. b4 Bf8 31. Rd4 Qe6 32. Qa6 Qe7 33. a3 Bg7
34. Rd2 Bh6 35. Rd5 Bf4 36. g3 Bb8 37. Kg2 h6 38. Qd3 Qe6 39. Qd2 Kh7 40. h4
Kg8 41. Rd4 Kh7 42. h5 gxh5 43. Rh4 Qg6 44. Qd1 Bd6 45. Qh1 f5 46. Rxh5 f4 47.
Qh4 fxg3 48. fxg3 Bxg3 49. Ng5+ Kg7 50. Kxg3 Qxg5+ 51. Rxg5+ 1-0

[Event "CYCC U12"]
[Site "Calgary CAN"]
[Date "2023.07.20"]
[Round "4.115"]
[White "Zhan, Jayden"]
[Black "Lu, Aiden"]
[Result "1/2-1/2"]
[WhiteElo "1431"]
[BlackElo "1561"]
[PlyCount "128"]
[EventDate "2023.07.19"]
[EventType "swiss"]
[EventRounds "7"]
[EventCountry "CAN"]

1. e4 e5 2. Nf3 Nc6 3. d3 Nf6 4. g3 Bc5 5. Bg2 d6 6. O-O O-O 7. Nbd2 h6 8. c3
Be6 9. Nb3 Bb6 10. Re1 Re8 11. Qc2 Qd7 12. Be3 d5 13. Nc5 Bxc5 14. Bxc5 dxe4
15. dxe4 Rad8 16. Rad1 Qc8 17. b4 a6 18. Nd2 b6 19. Be3 Ng4 20. Bf1 Nxe3 21.
Rxe3 Rd6 22. Rb1 Red8 23. Nc4 Bxc4 24. Bxc4 Rd2 25. Qb3 R2d7 26. Rf3 Rf8 27. a4
a5 28. b5 Nd8 29. Bd5 Nb7 30. Bxb7 Qxb7 31. Re3 Rfd8 32. Qc4 Qc8 33. Rf3 Re7
34. Kg2 Qe6 35. Qxe6 Rxe6 36. Rb2 Red6 37. Re3 f6 38. Ree2 Kf7 39. f4 Ke6 40.
f5+ Ke7 41. Kh3 Rd3 42. Rbc2 Rd1 43. Ra2 R8d3 44. c4 Kd6 45. Kg4 Kc5 46. Kh5
Rd7 47. Kg6 R1d4 48. Rac2 Rxc4 49. Rxc4+ Kxc4 50. Re1 Kb3 51. Ra1 Kb4 52. Ra2
c6 53. bxc6 Rc7 54. g4 Kc5 55. Rc2+ Kd6 56. Rd2+ Kxc6 57. Rc2+ Kb7 58. Rxc7+
Kxc7 59. Kxg7 b5 60. axb5 a4 61. Kxf6 a3 62. Kg7 a2 63. f6 a1=Q 64. f7 Qd1
1/2-1/2

[Event "CYCC U12"]
[Site "Calgary CAN"]
[Date "2023.07.20"]
[Round "4.116"]
[White "Zhao, Jifan"]
[Black "Buitelaar, Jake"]
[Result "1-0"]
[WhiteElo "2113"]
[BlackElo "910"]
[PlyCount "65"]
[EventDate "2023.07.19"]
[EventType "swiss"]
[EventRounds "7"]
[EventCountry "CAN"]

1. e4 e5 2. Nf3 Nc6 3. Bb5 a6 4. Ba4 Nf6 5. d3 Bc5 6. Nc3 d6 7. Bg5 h6 8. Bxf6
Qxf6 9. Nd5 Qd8 10. c3 b5 11. Bc2 Bg4 12. h3 Bxf3 13. Qxf3 b4 14. Ba4 Qd7 15.
cxb4 Bd4 16. Rc1 O-O 17. Bxc6 Qd8 18. Bxa8 Qxa8 19. O-O c6 20. Rxc6 Rd8 21. Rc7
Rf8 22. Rfc1 Kh8 23. Rxf7 Rxf7 24. Qxf7 Qg8 25. Qd7 Qf8 26. Rc8 Bxf2+ 27. Kh1
Qxc8 28. Qxc8+ Kh7 29. Ne7 h5 30. Qg8+ Kh6 31. Qh8+ Kg5 32. Qxg7+ Kf4 33. Nd5#
1-0

[Event "CYCC U12"]
[Site "Calgary CAN"]
[Date "2023.07.20"]
[Round "4.117"]
[White "Zhang, Felix"]
[Black "Marchand, Calix"]
[Result "0-1"]
[WhiteElo "1410"]
[BlackElo "2101"]
[PlyCount "92"]
[EventDate "2023.07.19"]
[EventType "swiss"]
[EventRounds "7"]
[EventCountry "CAN"]

1. e4 c5 2. Nf3 e6 3. Nc3 Nc6 4. Bc4 Nf6 5. d3 Be7 6. O-O d5 7. exd5 exd5 8.
Bb5 O-O 9. Bxc6 bxc6 10. Re1 Bg4 11. Bf4 h6 12. h3 Bf5 13. Ne5 Rc8 14. Qf3 Bh7
15. Ng4 Re8 16. Nxf6+ Bxf6 17. Rxe8+ Qxe8 18. Qg3 Bg6 19. Bd2 Be5 20. Qg4 Rc7
21. Re1 Re7 22. h4 f5 23. Qf3 Qf7 24. g3 Bh5 25. Qg2 Qe8 26. f3 Bxc3 27. bxc3
Rxe1+ 28. Bxe1 Qxe1+ 29. Kh2 f4 30. g4 Qxh4+ 31. Qh3 Qxh3+ 32. Kxh3 Bf7 33. Kg2
g5 34. d4 c4 35. Kh3 Kf8 36. Kg2 Ke7 37. Kh3 Kd7 38. Kg2 Bg6 39. Kf2 Kc7 40.
Ke2 Kb6 41. Kd2 Ka5 42. Kc1 h5 43. Kd2 h4 44. Ke2 Ka4 45. Kf2 a5 46. Ke2 Ka3
0-1

[Event "CYCC U12"]
[Site "Calgary CAN"]
[Date "2023.07.20"]
[Round "4.118"]
[White "Yin, Zeming"]
[Black "Dunikov, Glib"]
[Result "1-0"]
[WhiteElo "1748"]
[BlackElo "1458"]
[PlyCount "53"]
[EventDate "2023.07.19"]
[EventType "swiss"]
[EventRounds "7"]
[EventCountry "CAN"]

1. e4 e6 2. d4 d5 3. e5 c5 4. c3 Qb6 5. Nf3 Bd7 6. Bd3 Bb5 7. dxc5 Bxc5 8. b4
Bxd3 9. Qxd3 Be7 10. a4 a5 11. Be3 Qc6 12. b5 Qc8 13. Nbd2 Nd7 14. c4 Qc7 15.
Bd4 f6 16. cxd5 exd5 17. Qe3 fxe5 18. Nxe5 Ngf6 19. Nxd7 Kxd7 20. O-O Bb4 21.
Nf3 Rac8 22. Ne5+ Kd6 23. Nc6 Qf7 24. Qg3+ Ke6 25. Qh3+ Kd6 26. Be5+ Kc5 27.
Qe3+ 1-0

[Event "CYCC U12"]
[Site "Calgary CAN"]
[Date "2023.07.20"]
[Round "4.119"]
[White "Ni, Alvin"]
[Black "Li, Triston"]
[Result "1-0"]
[WhiteElo "1273"]
[BlackElo "1693"]
[PlyCount "131"]
[EventDate "2023.07.19"]
[EventType "swiss"]
[EventRounds "7"]
[EventCountry "CAN"]

1. e4 c5 2. c4 Nc6 3. Nc3 g6 4. b3 Bg7 5. Bb2 Nf6 6. d3 O-O 7. g3 d6 8. Bg2 Re8
9. Nge2 a6 10. O-O Rb8 11. Rb1 Bg4 12. f3 Bd7 13. h3 Qc8 14. Kh2 b5 15. f4 b4
16. Nd5 Nxd5 17. cxd5 Nd4 18. Nxd4 cxd4 19. Rc1 Qb7 20. Rc4 Qa7 21. Qa1 e5 22.
dxe6 Bxe6 23. Bxd4 Bxd4 24. Rxd4 Qb6 25. f5 Bd7 26. Qb2 a5 27. f6 h6 28. Qd2
Kh7 29. Qf2 Be6 30. h4 Rbc8 31. Bh3 Bxh3 32. Kxh3 Rc3 33. Rd5 Qc7 34. Qd4 Re6
35. Rf2 Qd7 36. Kg2 Qc7 37. h5 g5 38. Rff5 Rc2+ 39. Rf2 Rc1 40. Qe3 Rb1 41.
Rxg5 Qc1 42. Rg7+ Kh8 43. Qxc1 Rxc1 44. Rxf7 Re8 45. Rd7 Rc6 46. Re7 Rf8 47.
Ra7 Rc5 48. Ra6 d5 49. f7 Kg7 50. Rg6+ Kh7 51. e5 d4 52. e6 Re5 53. Rff6 Re2+
54. Kh3 Rxe6 55. Rxh6+ Kg7 56. Rxe6 Rxf7 57. Reg6+ Kf8 58. Rf6 Kg7 59. Rxf7+
Kxh6 60. Rf5 a4 61. bxa4 Kg7 62. a5 Kh6 63. a6 Kh7 64. a7 Kh6 65. a8=Q b3 66.
Qh8# 1-0

[Event "CYCC U12"]
[Site "Calgary CAN"]
[Date "2023.07.20"]
[Round "4.120"]
[White "Jiang, William"]
[Black "Li, Aiden"]
[Result "1-0"]
[WhiteElo "1680"]
[BlackElo "1402"]
[PlyCount "119"]
[EventDate "2023.07.19"]
[EventType "swiss"]
[EventRounds "7"]
[EventCountry "CAN"]

1. e4 c5 2. Nf3 g6 3. c3 Bg7 4. d4 cxd4 5. cxd4 d5 6. Bb5+ Bd7 7. Bxd7+ Nxd7 8.
e5 Nb6 9. Nc3 e6 10. Nb5 Qd7 11. Nd6+ Kf8 12. Bd2 Ne7 13. Ng5 f6 14. Ngf7 fxe5
15. Qf3 Nf5 16. Bb4 Nxd4 17. Qd1 Nc8 18. Rc1 Kg8 19. Nxc8 Rxc8 20. Nxh8 Rxc1
21. Qxc1 Kxh8 22. Bc5 h6 23. Bxd4 exd4 24. O-O Kh7 25. f4 Qb5 26. Qd2 d3 27. b3
Qc5+ 28. Kh1 Qd4 29. Re1 Qc3 30. Rd1 Qd4 31. h3 h5 32. Qe1 Qe4 33. Qg3 Bh6 34.
Qxd3 Qxd3 35. Rxd3 Bxf4 36. Rf3 e5 37. g3 Bc1 38. Rf7+ Kh6 39. Rxb7 e4 40. Rd7
Be3 41. Rxd5 Bb6 42. Kg2 g5 43. Rd6+ Kg7 44. Re6 Kf7 45. Rxe4 Kf6 46. Rb4 Bc5
47. Rb5 Be3 48. Kf3 Bd4 49. a4 Be5 50. Rxe5 Kxe5 51. b4 Kd5 52. h4 gxh4 53.
gxh4 a6 54. b5 axb5 55. axb5 Kc5 56. Kf4 Kxb5 57. Kg5 Kc6 58. Kxh5 Kd7 59. Kg6
Ke8 60. Kg7 1-0

[Event "CYCC U12"]
[Site "Calgary CAN"]
[Date "2023.07.20"]
[Round "4.121"]
[White "Mu, Vincent"]
[Black "Chen, Zhengyu"]
[Result "0-1"]
[WhiteElo "932"]
[BlackElo "1670"]
[PlyCount "186"]
[EventDate "2023.07.19"]
[EventType "swiss"]
[EventRounds "7"]
[EventCountry "CAN"]

1. e4 c6 2. d4 d5 3. exd5 cxd5 4. Bd3 Nc6 5. c3 Nf6 6. Bf4 Bg4 7. Qb3 Qd7 8.
Nd2 e6 9. Ngf3 Be7 10. Ne5 Qc8 11. Nxg4 Nxg4 12. h3 Nf6 13. Nf3 Nd7 14. O-O O-O
15. Rfe1 h6 16. Re2 Nb6 17. Ne5 Nxe5 18. Bxe5 Rd8 19. Rae1 Bd6 20. Qc2 Bxe5 21.
Rxe5 Nd7 22. R5e3 Nf6 23. Qb3 Qc7 24. Qd1 Qb6 25. R3e2 Rac8 26. Qb1 Qa5 27. a3
Rd6 28. Rc1 Qb6 29. Qc2 Rdc6 30. Kh1 Qc7 31. Qd2 Nd7 32. Re3 Qf4 33. Rd1 Nb6
34. Rg3 Qxd2 35. Rxd2 Nc4 36. Bxc4 Rxc4 37. Kg1 g6 38. Kf1 Kf8 39. Ke1 R4c7 40.
Ke2 Rc6 41. Kd3 Rb6 42. Ke3 Rcc6 43. Kf4 Rb3 44. h4 Rcb6 45. c4 Rxb2 46. Rxb2
Rxb2 47. cxd5 Rxf2+ 48. Ke3 Ra2 49. Ke4 Rc2 50. Kd3 Ra2 51. Kc4 Ke7 52. dxe6
Kxe6 53. Re3+ Kd6 54. g3 Rc2+ 55. Kd3 Rc7 56. Re5 Re7 57. Rc5 b6 58. Rb5 Re1
59. Rb3 Rg1 60. Kc4 Kc6 61. Rf3 f5 62. a4 Rc1+ 63. Kd3 Kd5 64. Rf4 Ra1 65. g4
fxg4 66. Rxg4 Rxa4 67. Kc3 Rc4+ 68. Kd3 b5 69. Ke3 Rc6 70. Rf4 b4 71. Rf7 a6
72. Rd7+ Rd6 73. Rc7 b3 74. Kd3 Rb6 75. Rc5+ Kd6 76. Rc1 b2 77. Rb1 Kd5 78. Kc3
a5 79. Rxb2 Rxb2 80. Kxb2 Kxd4 81. Kc2 g5 82. h5 g4 83. Kb2 a4 84. Ka3 g3 85.
Kxa4 g2 86. Kb5 g1=Q 87. Kc6 Qg5 88. Kd6 Qf6+ 89. Kd7 Kd5 90. Kc7 Qc6+ 91. Kd8
Qb7 92. Ke8 Ke6 93. Kd8 Qb8# 0-1

[Event "CYCC U12"]
[Site "Calgary CAN"]
[Date "2023.07.20"]
[Round "4.122"]
[White "Ajith, Aarush"]
[Black "Naiboglu, Onur"]
[Result "0-1"]
[WhiteElo "1667"]
[BlackElo "1356"]
[PlyCount "64"]
[EventDate "2023.07.19"]
[EventType "swiss"]
[EventRounds "7"]
[EventCountry "CAN"]

1. d4 Nf6 2. Bg5 d5 3. Nd2 Bf5 4. Bxf6 gxf6 5. Ngf3 Nd7 6. e3 e5 7. dxe5 fxe5
8. c4 Bg7 9. cxd5 e4 10. Nd4 Bxd4 11. exd4 Nb6 12. Bb5+ Kf8 13. Qb3 Qxd5 14.
Qxd5 Nxd5 15. O-O-O c6 16. Ba4 Nb4 17. Bc2 Nxc2 18. Kxc2 e3+ 19. Kc3 exd2 20.
Rxd2 Kg7 21. g4 Be4 22. Re1 Bd5 23. Rde2 Be6 24. f4 Rhe8 25. Re5 Kh8 26. Rg1
Bd5 27. Rh5 Re3+ 28. Kd2 Rae8 29. f5 Re2+ 30. Kc3 R8e3+ 31. Kb4 b6 32. f6 Rxb2+
0-1

[Event "CYCC U12"]
[Site "Calgary CAN"]
[Date "2023.07.20"]
[Round "4.123"]
[White "Ma, Nicholas"]
[Black "Tenkov, Arkady"]
[Result "0-1"]
[WhiteElo "909"]
[BlackElo "1663"]
[PlyCount "52"]
[EventDate "2023.07.19"]
[EventType "swiss"]
[EventRounds "7"]
[EventCountry "CAN"]

1. e4 c6 2. d4 d5 3. exd5 cxd5 4. Bd3 Nc6 5. c3 Nf6 6. h3 e6 7. Bf4 Bd6 8. Bh2
Bxh2 9. Rxh2 Qc7 10. Nf3 O-O 11. Rh1 e5 12. dxe5 Nxe5 13. Bc2 Re8 14. Nxe5
Qxe5+ 15. Kf1 Bf5 16. Nd2 Bxc2 17. Qxc2 Qe2+ 18. Kg1 Ne4 19. Rd1 Nxf2 20. Rf1
Nxh1 21. Kxh1 Rac8 22. a3 Rc6 23. b4 Rg6 24. g4 Rh6 25. Kg1 Rxh3 26. Rf2 Rg3+
0-1

[Event "CYCC U12"]
[Site "Calgary CAN"]
[Date "2023.07.20"]
[Round "4.125"]
[White "Fu, Odyssey"]
[Black "Chung, Noah"]
[Result "1-0"]
[WhiteElo "1537"]
[BlackElo "1272"]
[PlyCount "91"]
[EventDate "2023.07.19"]
[EventType "swiss"]
[EventRounds "7"]
[EventCountry "CAN"]

1. e4 e5 2. Nf3 Nc6 3. d4 exd4 4. Nxd4 Nf6 5. Nc3 Bb4 6. Nxc6 Bxc3+ 7. bxc3
bxc6 8. Bd3 d5 9. e5 Ng4 10. O-O O-O 11. f4 Qh4 12. h3 Nh6 13. f5 Re8 14. Rf4
Qe7 15. Rf3 Qc5+ 16. Be3 Qxc3 17. Bxh6 gxh6 18. Rg3+ Kh8 19. e6 fxe6 20. Kh2
Qf6 21. Qh5 Bd7 22. fxe6 Bxe6 23. Rf1 Rf8 24. Rxf6 Rxf6 25. Qe5 Raf8 26. Rf3
Kg7 27. g4 a5 28. h4 Bxg4 29. Rxf6 Rxf6 30. Qxc7+ Rf7 31. Qe5+ Kg8 32. Qe8+ Rf8
33. Qxc6 h5 34. Qxd5+ Kg7 35. Qg5+ Kf7 36. Bc4+ Ke8 37. Qe5+ Kd7 38. Bb5+ Kc8
39. Qc5+ Kb7 40. Qxf8 a4 41. Qc5 a3 42. Qc6+ Kb8 43. Ba6 Bf3 44. Qxf3 Kc7 45.
Qd5 h6 46. Bb5 1-0

[Event "CYCC U12"]
[Site "Calgary CAN"]
[Date "2023.07.21"]
[Round "5.128"]
[White "Singh, Jovan"]
[Black "Ajith, Aarush"]
[Result "0-1"]
[WhiteElo "896"]
[BlackElo "1667"]
[PlyCount "98"]
[EventDate "2023.07.19"]
[EventType "swiss"]
[EventRounds "7"]
[EventCountry "CAN"]

1. d4 Nf6 2. c4 e6 3. Nf3 d5 4. Nc3 b6 5. Bg5 Be7 6. Bxf6 Bxf6 7. cxd5 exd5 8.
e3 Bb7 9. Bd3 O-O 10. O-O Nc6 11. Rc1 a6 12. Re1 Rb8 13. Ne2 Qd6 14. a3 Rfe8
15. Qc2 h6 16. Bxa6 Bxa6 17. Qxc6 Bxe2 18. Rxe2 Qd8 19. Qxc7 Rc8 20. Qxc8 Qxc8
21. Rxc8 Rxc8 22. h3 Kf8 23. e4 dxe4 24. Rxe4 Rc1+ 25. Kh2 Rc2 26. b4 Rxf2 27.
d5 Rf1 28. Ne1 Rf5 29. Rc4 Rxd5 30. Rc6 Be5+ 31. Kg1 Bg3 32. Rc1 Ke7 33. Kf1
Be5 34. Rc6 b5 35. Nc2 Kd7 36. Ra6 Bc3 37. Ra7+ Kc6 38. Re7 Rd1+ 39. Kf2 Rd2+
40. Re2 Kd5 41. Rxd2+ Bxd2 42. Ke2 Bc1 43. Kd3 g5 44. g4 Ke5 45. Ke2 Ke4 46.
Ke1 Bb2 47. Ke2 f6 48. Ke1 Kd3 49. Kd1 Bc3 0-1

[Event "CYCC U12"]
[Site "Calgary CAN"]
[Date "2023.07.21"]
[Round "5.129"]
[White "Wen, Justin"]
[Black "Lee, Michael"]
[Result "1-0"]
[WhiteElo "1483"]
[BlackElo "1092"]
[PlyCount "87"]
[EventDate "2023.07.19"]
[EventType "swiss"]
[EventRounds "7"]
[EventCountry "CAN"]

1. Nf3 d5 2. g3 Nc6 3. d4 Nf6 4. Bg2 e6 5. O-O Be7 6. c4 b6 7. cxd5 exd5 8. Qa4
Bd7 9. Nc3 O-O 10. Qb3 Na5 11. Qc2 h6 12. Ne5 c5 13. dxc5 Rc8 14. b4 Nb7 15.
Nxd5 Nxd5 16. Bxd5 Nd6 17. Qg6 Bf5 18. Qh5 bxc5 19. Rd1 Qc7 20. Bf4 Qb6 21. e4
Bxe4 22. Nd7 Qxb4 23. Bxd6 Bxd6 24. Nxf8 Rxf8 25. Bxe4 Be7 26. Qf5 g6 27. Qe5
Bd8 28. Rd7 Qb6 29. Bd5 Bf6 30. Bxf7+ Kh8 31. Qe3 g5 32. Rad1 Bd4 33. Qe4 Bxf2+
34. Kxf2 c4+ 35. Qd4+ Qxd4+ 36. R1xd4 c3 37. Rc4 c2 38. Rxc2 g4 39. Ke3 a5 40.
Rcc7 h5 41. Be6 Rf3+ 42. Ke2 Re3+ 43. Kxe3 a4 44. Rh7# 1-0

[Event "CYCC U12"]
[Site "Calgary CAN"]
[Date "2023.07.21"]
[Round "5.130"]
[White "Dunikov, Glib"]
[Black "Liu, Eric"]
[Result "1-0"]
[WhiteElo "1458"]
[BlackElo "962"]
[PlyCount "51"]
[EventDate "2023.07.19"]
[EventType "swiss"]
[EventRounds "7"]
[EventCountry "CAN"]

1. e4 c6 2. d4 d5 3. e5 Bf5 4. h4 h5 5. Bd3 Bxd3 6. Qxd3 e6 7. Nf3 c5 8. c3 Nc6
9. O-O Nge7 10. Bg5 Qb6 11. Na3 cxd4 12. cxd4 Nf5 13. Rfe1 a6 14. Nc2 Be7 15.
Bxe7 Ncxe7 16. b3 Rc8 17. Rac1 O-O 18. Ne3 Rc7 19. Nxf5 Nxf5 20. Qd2 Rfc8 21.
Rxc7 Rxc7 22. Qg5 g6 23. Nh2 Rc8 24. g4 hxg4 25. Nxg4 Nxd4 26. Qh6 1-0

[Event "CYCC U12"]
[Site "Calgary CAN"]
[Date "2023.07.21"]
[Round "5.131"]
[White "Schantz, Korbin"]
[Black "Zhang, Felix"]
[Result "1/2-1/2"]
[WhiteElo "1116"]
[BlackElo "1410"]
[PlyCount "63"]
[EventDate "2023.07.19"]
[EventType "swiss"]
[EventRounds "7"]
[EventCountry "CAN"]

1. Nf3 d5 2. g3 Bf5 3. Bg2 Nf6 4. d3 e6 5. Bg5 Be7 6. Nbd2 c5 7. O-O O-O 8. c4
d4 9. Nh4 Qb6 10. Nxf5 exf5 11. h3 Nc6 12. Nb3 Rfe8 13. Qc2 h6 14. Bxf6 Bxf6
15. a3 Re5 16. f4 Re3 17. Rf3 Rae8 18. Re1 Na5 19. Nxa5 Qxa5 20. Kf1 Qc7 21.
Qa4 a6 22. Rxe3 Rxe3 23. Bf3 h5 24. Qb3 h4 25. Kg2 Qa5 26. Rd1 b5 27. cxb5 axb5
28. Qd5 Qa4 29. b3 Qxa3 30. Qxf5 Qxb3 31. Qc8+ Kh7 32. Qf5+ 1/2-1/2

[Event "CYCC U12"]
[Site "Calgary CAN"]
[Date "2023.07.21"]
[Round "5.132"]
[White "Li, Aiden"]
[Black "Mu, Vincent"]
[Result "1/2-1/2"]
[WhiteElo "1402"]
[BlackElo "932"]
[PlyCount "107"]
[EventDate "2023.07.19"]
[EventType "swiss"]
[EventRounds "7"]
[EventCountry "CAN"]

1. c4 e5 2. g3 Nc6 3. Bg2 Nf6 4. Nc3 Bb4 5. a3 Bxc3 6. bxc3 O-O 7. d4 d6 8. Nf3
Rb8 9. O-O b6 10. Qa4 Qd7 11. Kh1 Re8 12. e3 Na5 13. Qxd7 Nxd7 14. Nd2 Ba6 15.
Bd5 Nf6 16. Re1 Nxd5 17. cxd5 Bb7 18. e4 exd4 19. cxd4 Bxd5 20. Bb2 Bb7 21. Bc3
Nc6 22. d5 Ne5 23. f4 Nd3 24. Re3 Nc5 25. Kg1 Bxd5 26. Rae1 Bb7 27. e5 dxe5 28.
Bxe5 Na6 29. Ne4 h6 30. Kf2 Re6 31. Nc3 Ra8 32. Nb5 c6 33. Nd6 Nc5 34. f5 Re7
35. f6 Rxe5 36. Rxe5 Nd3+ 37. Kg1 Nxe1 38. Rxe1 Ba6 39. fxg7 Kxg7 40. Nf5+ Kh7
41. Re7 Kg6 42. g4 Bd3 43. Rd7 Bxf5 44. gxf5+ Kxf5 45. Rxf7+ Kg6 46. Rc7 c5 47.
a4 Kh5 48. a5 Rg8+ 49. Kf2 bxa5 50. Rxc5+ Kh4 51. Rxa5 Rg7 52. Kf3 h5 53. h3
Rg3+ 54. Kf2 1/2-1/2

[Event "CYCC U12"]
[Site "Calgary CAN"]
[Date "2023.07.21"]
[Round "5.134"]
[White "Chung, Noah"]
[Black "Ma, Nicholas"]
[Result "0-1"]
[WhiteElo "1272"]
[BlackElo "909"]
[PlyCount "96"]
[EventDate "2023.07.19"]
[EventType "swiss"]
[EventRounds "7"]
[EventCountry "CAN"]

1. e4 e5 2. Nf3 Nc6 3. Bc4 Nf6 4. Ng5 d5 5. exd5 Na5 6. Bb5+ c6 7. dxc6 bxc6 8.
Qf3 Bb7 9. Ba4 h6 10. Ne4 Be7 11. Nxf6+ Bxf6 12. b4 O-O 13. c3 c5 14. Qg3 cxb4
15. cxb4 Qd4 16. Nc3 Qxb4 17. Rb1 Qe7 18. O-O Rab8 19. d3 Qc5 20. Ne4 Bxe4 21.
Rxb8 Rxb8 22. dxe4 Rb1 23. Be3 Rxf1+ 24. Kxf1 Qc4+ 25. Ke1 Qxa4 26. Bxh6 Qxe4+
27. Be3 Qb1+ 28. Ke2 Qxa2+ 29. Kf3 Nc4 30. Qg4 g6 31. h4 Qb3 32. Qc8+ Kg7 33.
Qa6 Nxe3 34. fxe3 Qb6 35. Qa4 a5 36. Qg4 Qb3 37. Ke2 a4 38. h5 g5 39. Qf5 Qe6
40. Qxe6 fxe6 41. Kd3 Kh6 42. g4 e4+ 43. Kc4 a3 44. Kb3 Bb2 45. Kc2 Bd4 46. Kb3
Bxe3 47. Kxa3 Bc1+ 48. Kb3 e3 0-1

[Event "CYCC U12"]
[Site "Calgary CAN"]
[Date "2023.07.21"]
[Round "5.135"]
[White "Patil, Tanishq"]
[Black "Yee, Matthew"]
[Result "1-0"]
[WhiteElo "1543"]
[BlackElo "843"]
[PlyCount "49"]
[EventDate "2023.07.19"]
[EventType "swiss"]
[EventRounds "7"]
[EventCountry "CAN"]

1. d4 e5 2. dxe5 Nc6 3. Nf3 Qe7 4. Qd5 h6 5. c3 d6 6. exd6 Qxd6 7. Qe4+ Be6 8.
Bf4 Qd7 9. Nbd2 O-O-O 10. e3 a6 11. Be2 Nf6 12. Qa4 Nh5 13. Bg3 Nxg3 14. hxg3
Ne7 15. Qc2 Ng6 16. O-O h5 17. b4 h4 18. Rfd1 hxg3 19. fxg3 Bd6 20. Nf1 c6 21.
a4 Qc7 22. b5 a5 23. bxc6 bxc6 24. Rab1 Bxg3 25. Ba6+ 1-0

[Event "CYCC U12"]
[Site "Calgary CAN"]
[Date "2023.07.21"]
[Round "5.137"]
[White "Li, Jake"]
[Black "Chen, Harry"]
[Result "1-0"]
[WhiteElo "1068"]
[BlackElo "817"]
[PlyCount "37"]
[EventDate "2023.07.19"]
[EventType "swiss"]
[EventRounds "7"]
[EventCountry "CAN"]

1. e4 e5 2. f4 d6 3. Nf3 Nc6 4. fxe5 dxe5 5. Bc4 Bd6 6. O-O Nf6 7. Nc3 O-O 8.
d3 b6 9. Bg5 h6 10. Bh4 g5 11. Bg3 Re8 12. Nd5 Rb8 13. Nxf6+ Qxf6 14. Nxe5 Bc5+
15. Kh1 Qd6 16. Nxc6 Qxc6 17. Rxf7 Kh8 18. Qh5 Be6 19. Qxh6+ 1-0